000 00414nam a2200157Ia 4500
008 230312s9999||||xx |||||||||||||| ||und||
020 _a81-317-6903-4
082 _a004.2
_bGHO-C
100 _aGhoshal;Subrata
245 0 _aComputer Organization and Architecture
260 _bPearson
_aIndia
_c2012
300 _a462
546 _aEng.
650 _aComputer
_vComputer Organization and Architecture
942 _cBK
999 _c8881
_d8881